[Event "Sant Miquel Olerdola op 14th"]
[Site "Sant Miquel Olerdola"]
[Date "2023.06.02"]
[Round "8"]
[White "Fernandez Lopez, Mario"]
[Black "Torrents Busquet, Marti"]
[Result "1/2-1/2"]
[WhiteElo "1816"]
[BlackElo "1934"]
[PlyCount "29"]
[EventDate "2023.04.14"]
[EventType "swiss"]
[EventRounds "8"]
[EventCountry "ESP"]
[SourceTitle "EXT 2024"]
[Source "ChessBase"]
[SourceDate "2023.10.10"]
[SourceVersion "1"]
[SourceVersionDate "2023.10.10"]
[SourceQuality "1"]

1. d4 d6 2. Nc3 Nf6 3. e4 e5 4. Nf3 exd4 5. Nxd4 Nc6 6. Bc4 Be7 7. 0-0 0-0 8. h3 a6 9. a4 Bd7 10. Re1 Ne5 11. Bf1 c6 12. a5 b5 13. axb6 Qxb6 14. b3 Ng6 15. Nf5 1/2-1/2

[Event "Catalunya-chT Gp2 Final"]
[Site "Barcelona"]
[Date "2023.03.25"]
[Round "3.10"]
[White "Marabajan Navas, Saul"]
[Black "Fernandez Lopez, Mario"]
[Result "1-0"]
[WhiteElo "2068"]
[BlackElo "1816"]
[PlyCount "61"]
[EventDate "2023.03.11"]
[EventType "team-k.o."]
[EventRounds "4"]
[EventCountry "ESP"]
[SourceTitle "EXT 2024"]
[Source "ChessBase"]
[SourceDate "2023.10.10"]
[SourceVersion "1"]
[SourceVersionDate "2023.10.10"]
[SourceQuality "1"]
[WhiteTeam "Sant Andreu"]
[BlackTeam "Lira Vendrellenca"]
[WhiteTeamCountry "ESP"]
[BlackTeamCountry "ESP"]

1. d4 Nf6 2. c4 e5 3. dxe5 Ng4 4. Bf4 g5 5. Bg3 Bg7 6. Nf3 Nc6 7. Nc3 Ngxe5 8. Nxe5 Nxe5 9. e3 0-0 10. h4 Ng6 11. hxg5 Qxg5 12. Rh5 Qd8 13. Bd3 d6 14. Qc2 Bg4 15. Rh2 Re8 16. Kd2 Bxc3+ 17. Qxc3 d5 18. cxd5 Qxd5 19. Rah1 Bf5 20. Rxh7 Qxd3+ 21. Qxd3 Bxd3 22. Kxd3 Rad8+ 23. Ke2 Rd7 24. R7h5 Red8 25. f4 Rd2+ 26. Kf3 Rxb2 27. f5 Nf8 28. Be5 f6 29. Bxb2 Kf7 30. Ba3 Rd2 31. Rh8 1-0

[Event "Sant Boi op"]
[Site "Sant Boi de Llobregat"]
[Date "2016.10.15"]
[Round "3.5"]
[White "Morral Esteve, Salvador"]
[Black "Fernandez Lopez, Mario"]
[Result "0-1"]
[WhiteElo "1279"]
[BlackElo "1542"]
[PlyCount "74"]
[EventDate "2016.10.01"]
[EventType "tourn"]
[EventRounds "9"]
[EventCountry "ESP"]
[SourceTitle "EXT 2024"]
[Source "ChessBase"]
[SourceDate "2023.10.10"]
[SourceVersion "1"]
[SourceVersionDate "2023.10.10"]
[SourceQuality "1"]

1. c4 Nf6 2. Nc3 e6 3. e4 Bb4 4. d3 Nc6 5. Nf3 d5 6. exd5 exd5 7. d4 Bg4 8. Be2 0-0 9. 0-0 Re8 10. h3 Bh5 11. Qc2 Bxf3 12. Bxf3 Nxd4 13. Qd3 Nxf3+ 14. Qxf3 c6 15. cxd5 Nxd5 16. Bd2 Qf6 17. Qxf6 Nxf6 18. Rfe1 Rad8 19. Rad1 h6 20. a3 Rxe1+ 21. Rxe1 Rxd2 22. axb4 Rxb2 23. Rb1 Rxb1+ 24. Nxb1 Nd5 25. Kf1 Nxb4 26. Ke2 Kf8 27. Kd2 Ke7 28. Kc3 Nd5+ 29. Kc4 Nf6 30. Nc3 Kd6 31. Kb4 Nd5+ 32. Nxd5 Kxd5 33. g3 c5+ 34. Kc3 b5 35. Kd3 a5 36. h4 c4+ 37. Kc3 b4+ 0-1

[Event "Sant Boi City-ch Promocio"]
[Site "Sant Boi de Llobregat"]
[Date "2015.10.10"]
[Round "2.5"]
[White "Castellvell Diez, Maria Nuria"]
[Black "Fernandez Lopez, Mario"]
[Result "1-0"]
[WhiteElo "1292"]
[BlackElo "1700"]
[PlyCount "53"]
[EventDate "2015.10.03"]
[EventType "swiss"]
[EventRounds "9"]
[EventCountry "ESP"]
[SourceTitle "EXT 2024"]
[Source "ChessBase"]
[SourceDate "2023.10.10"]
[SourceVersion "1"]
[SourceVersionDate "2023.10.10"]
[SourceQuality "1"]

1. e4 e6 2. Nf3 Nf6 3. d3 d5 4. e5 Nfd7 5. d4 c5 6. Be3 Nc6 7. c3 Qb6 8. Qc2 Be7 9. Be2 0-0 10. Nbd2 Na5 11. 0-0 f6 12. Rab1 Qc7 13. g3 fxe5 14. b4 cxb4 15. c4 e4 16. Nh4 Nb6 17. f3 Nbxc4 18. fxe4 Nxe3 19. Qxc7 Bxh4 20. Qxa5 Be7 21. Qc7 e5 22. Qxe7 Bh3 23. Nf3 Nxf1 24. Qxb4 dxe4 25. Bc4+ Kh8 26. Qxb7 Rab8 27. Qxb8 1-0